02069nam a2200337Ia 450000500170000000800410001702000150005808200180007310000290009124500590012025000190017930000420019849000360024050000450027650400270032150505760034865100570092465100440098165100700102565100620109594200120115726400310116933600270120033700330122733800280126004000350128899900150132395201300133895201340146895201290160220220317000541.0160601s2005 ck a g 000 0 spa  a958633279904a980.01 bZ17a1 aZaragoza Rovira, Gonzalo10aAmérica Latina bépoca colonial cGonzalo Zaragoza a3a. edición  a95 páginas bilustraciones c21 cm  aBiblioteca básica de historia aIncluye glosario e índice alfabético aIncluye bibliografía aLos reinos de indias: un solo rey. Muchas preguntas. Economías locales, minas y comercio trasatlántico. Del rey abajo: funcionarios, colonos e indios. Blancos, indios y negros. Las ciudades, las haciendas y el continente. ¿Comerciantes o contrabandistas?. La iglesia: las órdenes religiosas y la cultura. Un imperio rodeado de fronteras y de rebeliones. Americanos blancos: los criollos. Las reformas borbónicas: muy tarde, muy breves. Brasil: el ciclo del azúcar y el ciclo del oro. La independencia: varias repúblicas, dos imperios. Datos para una historia 4aAmérica latina xHistoriaySiglos XVI-XVIII947862 4aAmérica latina xIndependencia947863 4aAmérica latina xPolítica económicaySiglos XVI-XVII947864 4aAmérica latina xcolonizaciónySiglos XVI-XVII947865 2ddccBK aBogotá bRei Andesc2005 atextobtxt2rdacontent asin mediaciónbn2rdamedia avolumenbnc2rdacarrier aCO-BoRNBPbspaerdacCO-BoRNBP c4358d4358 00102ddc40708GENaMEPRICObMEPRICOcGENd2023-04-18l0o980.01Z17apPR00000994r2023-04-18 00:00:00tEj.1w2023-04-18yBK 00102ddc40708GENaMEMAPIRIbMEMAPIRIcGENd2024-01-11l0o980.01 Z17apMAP00001690r2024-01-11 14:32:45tEj.1w2024-01-11yBK 00102ddc40708GENaMEURIBEbMEURIBEcGENd2024-09-24l0o980.01 Z17apURI01334r2024-09-24 09:40:47tEj.1w2024-09-24yBK